000 00375nam a2200157Ia 4500
008 230917s9999||||xx |||||||||||||| ||und||
040 _e35442
_aMAIN
041 _aEnglish
082 _a347.93 T394L
100 _aThornton, G C
245 0 _aLegislative drafting
250 _a2nd ed.
260 _aLondon
_bButterworths
_c1979
300 _axxxiii, 350 p.
942 _cBK
999 _c202769
_d202769